000 01181pam a2200301 a 4500
003 OSt
005 20240119074700.0
008 960808s1997 nyua b 001 0 eng
020 _a0070114986 (text : acidfree paper)
020 _a0070114994 (SM : acidfree paper)
040 _cDLC
050 0 0 _aQC311
_b.C42 2008
100 1 _aÇengel, Yunus A.
245 1 0 _aIntroduction to thermodynamics and heat transfer /
_cYunus A. Çengel.
250 _aInternational ed.
260 _aNew York :
_bMcGraw-Hill,
_cc2008.
300 _axxvii, 922 p. :
_bcol. ill. ;
_c24 cm.
440 0 _aMcGraw-Hill series in mechanical engineering
504 _aIncludes bibliographical references and index.
650 0 _aThermodynamics.
650 0 _aHeat
_xTransmission.
856 4 2 _uhttp://www.loc.gov/catdir/description/mh022/96036053.html
856 4 1 _uhttp://www.loc.gov/catdir/toc/mh022/96036053.html
856 4 2 _uhttp://www.loc.gov/catdir/enhancements/fy0737/96036053-b.html
906 _a7
_bcbc
_corignew
_d1
_eocip
_f19
_gy-gencatlg
942 _2lcc
_cBK
_nTK
999 _c5980
_d5980